První test zapojení domácností do vyrovnávání sítě

Spoločnosť Delta Green v spolupráci s českým PPS ČEPS vykonala sériu testov prepojenia agregovaných odberných a odberných miest na poskytovanie služieb vyrovnávania. Výsledky naznačujú, že domácnosti s FV a batériovým úložiskom sú pripravené zúčastniť sa tohto procesu.

Guardado en:
Detalles Bibliográficos
Autor principal: Hicl, Jan
Otros Autores: Kašák, Martin
Formato: Capítulo de libro
Lenguaje:checo
Materias:
Etiquetas: Agregar Etiqueta
Sin Etiquetas, Sea el primero en etiquetar este registro!

MARC

LEADER 00000naa a2200000 4500
001 0302975
005 20240708090709.7
041 0 |a cze 
044 |a CZ 
245 1 0 |a První test zapojení domácností do vyrovnávání sítě  |c Jan Hicl, Martin Kašák 
520 |a Spoločnosť Delta Green v spolupráci s českým PPS ČEPS vykonala sériu testov prepojenia agregovaných odberných a odberných miest na poskytovanie služieb vyrovnávania. Výsledky naznačujú, že domácnosti s FV a batériovým úložiskom sú pripravené zúčastniť sa tohto procesu. 
610 2 0 |a elektroenergetika 
610 2 0 |a flexibilita 
610 2 0 |a domácnosti 
610 2 0 |a elektrina 
610 2 0 |a energia slnečná 
100 1 |a Hicl, Jan 
700 1 |a Kašák, Martin